| 000 | 00441nam a2200157 4500 | ||
|---|---|---|---|
| 001 | 126030 | ||
| 003 | ES-MaACL | ||
| 005 | 20230906192736.0 | ||
| 007 | t| | ||
| 008 | 070214s1913 xxk r ||||1| eng d | ||
| 100 | 1 |
_aReid, James S. _995974 |
|
| 245 | 1 | 4 |
_aThe municipalities of the Roman Empire / _cby James S. Reid. |
| 260 |
_aCambridge : _bUniversity Press, _c1913. |
||
| 300 |
_aXV, 548 p. ; _c22 x 14 cm. |
||
| 852 |
_aES-MaACL _jC-2150 |
||
| 999 |
_c126030 _d126030 |
||